Sports Quiz

Random Sports or Numbers Quiz

NHL Draft Quiz Stats

 Plays Quiz not verified by Sporcle

Challenge
Share
Tweet
Embed
Score 0/33 Timer 10:00
0 Plays Today
Year Player % Correct
2005Sidney Crosby
90.7%
2004Alexander Ovechkin
88.7%
2004Evgeni Malkin
87.2%
1998Vincent Lecavalier
86.6%
2008Steve Stamkos
85%
2007Patrick Kane
83.7%
2001Ilya Kovalchuk
82.4%
2003Marc-Andre Fleury
79.4%
2006Erik Johnson
78.3%
2002Rick Nash
77.1%
1999Daniel Sedin
73.7%
2008Drew Doughty
73.7%
2000Rick DiPietro
73%
2000Dany Heatley
69.2%
2006Nicklas Backstrom
69%
2003Zach Parise
68.6%
1999Patrik Stefan
63.4%
Year Player % Correct
2001Jason Spezza
61.8%
2007Sam Gagner
48.5%
2005Devin Setoguchi
37.2%
2002Cam Ward
32.6%
1998Scott Gomez
25.3%
2008Thomas McCollum
21.4%
2003Shawn Belle
16.6%
1998Robyn Regehr
11.2%
2006Matthew Corrente
10.9%
2004Andy Rogers
8.4%
2002Jim Slater
8.1%
2007Nick Ross
7.8%
2005Vladimir Mihalik
7.6%
1999Kristian Kudroc
6.2%
2001Dave Steckel
4.4%
2000Jeff Taffe
3.1%

You're not logged in!

Compare scores with friends on all Sporcle quizzes.
OR
Log In

You Might Also Like...

Show Comments

Extras

Top Quizzes Today


Score Distribution

Your Account Isn't Verified!

In order to create a playlist on Sporcle, you need to verify the email address you used during registration. Go to your Sporcle Settings to finish the process.

Report this User

Report this user for behavior that violates our Community Guidelines.

Details: